| 000 | 03161cam a2200301 4500500 | ||
|---|---|---|---|
| 005 | 20260329014725.0 | ||
| 041 | _afre | ||
| 042 | _adc | ||
| 100 | 1 | 0 |
_aEl Khaouli, Zineb _eauthor |
| 700 | 1 | 0 |
_aAguida, Soufiane _eauthor |
| 245 | 0 | 0 | _aGouvernance universitaire et New Public Management : Le rôle du Balanced Scorecard à l’Université Mohammed V |
| 260 | _c2026. | ||
| 500 | _a53 | ||
| 520 | _aDans un contexte de transformations profondes de l’enseignement supérieur, les universités publiques doivent concilier massification des effectifs, exigences de qualité et impératifs de performance. Cet article analyse l’impact du New Public Management (NPM) sur la gouvernance universitaire à travers l’étude de cas de l’Université Mohammed V. L’objectif est d’examiner la mise en œuvre des principes du NPM et d’évaluer la pertinence du Balanced Scorecard (BSC) comme outil potentiel de pilotage stratégique. La recherche mobilise une approche qualitative fondée sur l’analyse documentaire et des entretiens semi-directifs. Les résultats mettent en évidence un décalage persistant entre les ambitions de modernisation et les pratiques réelles, encore marquées par une forte centralisation, des logiques bureaucratiques et une faible continuité stratégique. Sur le plan théorique, l’étude contribue à enrichir la compréhension des dynamiques de gouvernance universitaire ; sur le plan pratique, elle ouvre des pistes de réflexion pour une adaptation progressive des outils de management public au contexte institutionnel étudié. | ||
| 520 | _aAmid profound transformations in higher education, public universities face the challenge of reconciling growing student numbers, quality requirements, and increasing performance expectations. This article analyzes the impact of new public management (NPM) on university governance, using Mohammed V University as a case study. The objective is to examine the implementation of NPM principles and to assess the relevance of the balanced scorecard (BSC) as a potential strategic management tool. The research adopts a qualitative approach based on documentary analysis and semi-structured interviews. The findings reveal a persistent gap between modernization ambitions and actual practices, which remain characterized by strong centralization, bureaucratic inertia, and limited strategic continuity. Theoretically, the study sheds light on governance dynamics within public universities; practically, it suggests pathways for gradually adapting public management tools to the specific institutional context. | ||
| 690 | _aBalanced Scorecard | ||
| 690 | _agouvernance universitaire | ||
| 690 | _aNew Public Management | ||
| 690 | _aparties prenantes | ||
| 690 | _aperformance | ||
| 690 | _abalanced scorecard | ||
| 690 | _anew public management | ||
| 690 | _aperformance | ||
| 690 | _astakeholders | ||
| 690 | _auniversity governance | ||
| 786 | 0 | _nRevue Management & Innovation | 13 | 1 | 2026-03-04 | p. 42-65 | 2658-9222 | |
| 856 | 4 | 1 | _uhttps://shs.cairn.info/revue-revue-management-innovation-2026-1-page-42?lang=fr&redirect-ssocas=7080 |
| 999 |
_c1891549 _d1891549 |
||